[Event "Frankfurt Ch 2010"]
[Site "Ffm-Kalbach, LAZ"]
[Date "2010.05.10"]
[Round "3.46"]
[White "Winand, Edgar"]
[Black "Lanz, Jürgen"]
[Result "1-0"]
[WhiteElo "1989"]
[BlackElo "1553"]
[PlyCount "145"]
[EventDate "2010.??.??"]
[SourceDate "2009.03.13"]
[WhiteTeam "SC KT Oberursel"]
[BlackTeam "SC 1979 Hattersheim"]

1. Nf3 Nf6 2. d4 b6 3. b3 g6 4. Bb2 Bg7 5. e3 Bb7 6. Bd3 d5 7. O-O O-O 8. Ne5
c5 9. Nd2 Nc6 10. f4 cxd4 11. exd4 Nb4 12. Be2 Ne4 13. a3 Nc6 14. Bd3 f6 15.
Nxe4 fxe5 16. Ng5 e4 17. Be2 Qd6 18. Qd2 h6 19. Nh3 e6 20. Qe3 Ne7 21. g4 Rac8
22. c3 Rf7 23. Rf2 Rcf8 24. Raf1 Bc8 25. Rg2 Kh8 26. Qg3 Qd8 27. Bc1 Rg8 28.
Be3 Bf6 29. Qe1 Rh7 30. Qd2 Bh4 31. c4 a5 32. c5 Bf6 33. b4 Nc6 34. b5 Na7 35.
c6 Qd6 36. Ra1 Qe7 37. a4 Qg7 38. Bf1 Be7 39. Rd1 Bb4 40. Qb2 Qe7 41. Nf2 Ba3
42. Qb3 Qb4 43. Rb1 Qxb3 44. Rxb3 Bb4 45. h4 h5 46. g5 Rf7 47. Nh3 Be1 48. Nf2
Kg7 49. Be2 Kf8 50. Kf1 Bb4 51. Nd1 Ke8 52. Rf2 Rgf8 53. Kg2 Bd6 54. Kg3 Bb4
55. Rf1 Bd6 56. Nc3 Bb4 57. Na2 Bd6 58. Bd1 Ke7 59. Nc1 Bc7 60. Ne2 e5 61. dxe5
Bxe5 62. Bc1 d4 63. Ba3+ Bd6 64. Bxd6+ Kxd6 65. Nxd4 Kd5 66. Ne2 Bg4 67. Rf2
Bf3 68. Rb2 Kc4 69. Rd2 Kb4 70. Rd4+ Kc5 71. Rd2 e3 72. Rc2+ Kb4 73. Rxf3 1-0

[Event "Frankfurt Ch 2010"]
[Site "Ffm-Kalbach, LAZ"]
[Date "2010.05.10"]
[Round "3.47"]
[White "Knott, Tilo"]
[Black "Khalimov, Khayot"]
[Result "0-1"]
[WhiteElo "1484"]
[BlackElo "1783"]
[PlyCount "110"]
[EventDate "2010.??.??"]
[SourceDate "2009.03.13"]
[WhiteTeam "SC Brett vor'm Kopp Ffm"]
[BlackTeam "SVG Eppstein 1932"]

1. d4 g6 2. Nc3 Bg7 3. Nf3 d6 4. Bf4 Nd7 5. e4 c5 6. Bc4 Qb6 7. Nd5 Qd8 8. O-O
cxd4 9. Ng5 Nh6 10. Qf3 O-O 11. Rad1 Ne5 12. Qb3 Nxc4 13. Qxc4 Bg4 14. Rd2 e5
15. h3 Bd7 16. Bh2 Qxg5 17. f4 Qd8 18. fxe5 dxe5 19. Rdf2 Be6 20. Qb5 b6 21.
Nf6+ Bxf6 22. Rxf6 Rc8 23. Qxe5 Bc4 24. Rd1 Rc5 25. Qxd4 Qxd4+ 26. Rxd4 Kg7 27.
Rfd6 Ng8 28. b3 Be6 29. c4 Ne7 30. Rd1 Nc6 31. R6d2 a6 32. Bd6 Rc8 33. Bxc5
bxc5 34. Rd6 Kf6 35. a3 Ke5 36. R6d2 Nd4 37. Rb2 Kxe4 38. Kf2 Rb8 39. b4 cxb4
40. axb4 Bxc4 41. Re1+ Kf5 42. Re7 Nb3 43. Ke3 Rxb4 44. Rf2+ Kg5 45. Rc7 Be6
46. Rc3 a5 47. Ke2 a4 48. Kd1 a3 49. Ra2 Rd4+ 50. Ke1 Ra4 51. Kd1 h5 52. Ke1
Nd4 53. Raxa3 Rxa3 54. Rxa3 Nc2+ 55. Kd2 Nxa3 0-1

[Event "Frankfurt Ch 2010"]
[Site "Ffm-Kalbach, LAZ"]
[Date "2010.05.10"]
[Round "3.48"]
[White "Genis, Roy"]
[Black "Kletzerman, Simon"]
[Result "1-0"]
[WhiteElo "1947"]
[BlackElo "1541"]
[PlyCount "119"]
[EventDate "2010.??.??"]
[SourceDate "2009.03.13"]
[WhiteTeam "SG 1945 Dietzenbach"]
[BlackTeam "TuS Makkabi Ffm"]

1. e4 d6 2. d4 g6 3. Nc3 Bg7 4. f4 e6 5. Nf3 Ne7 6. Be3 d5 7. e5 a6 8. Bd3 f5
9. h4 Nd7 10. h5 h6 11. hxg6 Nxg6 12. g4 Ndf8 13. g5 Qe7 14. Qd2 Bd7 15. O-O-O
O-O-O 16. Rh2 h5 17. Rdh1 h4 18. Bf2 Kb8 19. Bxh4 Nxh4 20. Nxh4 Be8 21. Qg2 Qb4
22. Qf2 a5 23. a3 Qe7 24. Qd2 c5 25. Bb5 c4 26. Bxe8 Qxe8 27. Ne2 Qb5 28. Nc3
Qe8 29. Nf3 Rxh2 30. Qxh2 b5 31. Qh5 Qd7 32. Na2 b4 33. axb4 Qa4 34. Nc3 Qxb4
35. Qf7 Rd7 36. Qe8+ Kb7 37. Kd2 Qe7 38. Qxe7 Rxe7 39. Na4 Kc6 40. b3 Kb5 41.
Nc3+ Kc6 42. bxc4 dxc4 43. Ra1 Ra7 44. Ra4 Ng6 45. Rxc4+ Kd7 46. Ke3 Bf8 47. d5
exd5 48. Nxd5 Ba3 49. Nd4 Bc1+ 50. Kf3 a4 51. Nf6+ Ke7 52. Nc6+ Kf7 53. Nxa7 a3
54. Ra4 a2 55. Nh5 Bxf4 56. Nxf4 Nxe5+ 57. Ke2 Ng6 58. Nxg6 Kxg6 59. Rxa2 Kxg5
60. Kf3 1-0

[Event "Frankfurt Ch 2010"]
[Site "Ffm-Kalbach, LAZ"]
[Date "2010.05.10"]
[Round "3.49"]
[White "Bock, Mario"]
[Black "Haftmann, Rainer"]
[Result "0-1"]
[WhiteElo "1468"]
[BlackElo "1881"]
[PlyCount "120"]
[EventDate "2010.??.??"]
[SourceDate "2009.03.13"]
[WhiteTeam "Sfr. Frankfurt 1921"]
[BlackTeam "SG 1945 Dietzenbach"]

1. d4 Nf6 2. c4 e6 3. Nc3 d5 4. Nf3 c6 5. e3 Nbd7 6. Bd3 dxc4 7. Bxc4 b5 8. Bd3
Bb7 9. O-O a6 10. Ne4 c5 11. Nxf6+ gxf6 12. Re1 c4 13. Bf1 Bb4 14. Bd2 Bxf3 15.
gxf3 Bxd2 16. Qxd2 f5 17. f4 Nf6 18. h3 Rg8+ 19. Bg2 Ne4 20. Qe2 Qh4 21. Kf1
Ke7 22. Rec1 Rg6 23. Bxe4 fxe4 24. Ke1 Qxh3 25. Kd2 Qf3 26. a4 Rb8 27. Qxf3
exf3 28. Kc3 Rg2 29. Rf1 bxa4 30. Rxa4 Rb3+ 31. Kc2 Rxe3 32. Rxc4 Re2+ 33. Kd3
Rxb2 34. Ke3 Rb3+ 35. Kd2 Ra3 36. Rc7+ Kf6 37. Rc5 Rh2 38. Rg5 Rh4 39. Rfg1
Rxf4 40. R5g4 Rxg4 41. Rxg4 h5 42. Rf4+ Kg6 43. Re4 Ra2+ 44. Ke3 Re2+ 45. Kxf3
Rxe4 46. Kxe4 h4 47. f4 f5+ 48. Ke5 Kf7 49. d5 exd5 50. Kxf5 h3 51. Ke5 h2 52.
Kxd5 h1=Q+ 53. Kd4 Qc6 54. Ke3 a5 55. f5 a4 56. Kf4 a3 57. Kg4 a2 58. Kg3 a1=Q
59. Kf2 Qcc3 60. f6 Qa2+ 0-1

[Event "Frankfurt Ch 2010"]
[Site "Ffm-Kalbach, LAZ"]
[Date "2010.05.10"]
[Round "3.50"]
[White "Fröhlich-Dill, Astrid"]
[Black "Slobodetski, Oleg"]
[Result "1-0"]
[WhiteElo "1910"]
[BlackElo "1287"]
[PlyCount "123"]
[EventDate "2010.??.??"]
[SourceDate "2009.03.13"]
[WhiteTeam "SV 1920 Hofheim"]
[BlackTeam "SV KS 1929 Großauheim"]

1. d4 Nf6 2. c4 e6 3. Nc3 Bb4 4. Bg5 c5 5. d5 d6 6. e4 exd5 7. cxd5 Nbd7 8. Bd3
O-O 9. Nge2 Re8 10. O-O h6 11. Bh4 Ne5 12. Bb5 Bd7 13. Bxd7 Qxd7 14. Bxf6 gxf6
15. Ng3 Bxc3 16. bxc3 Kh7 17. Qh5 Qg4 18. f4 Qxh5 19. Nxh5 Nd7 20. Rae1 Re7 21.
Ng3 Nb6 22. Nf5 Rd7 23. Rf3 Rg8 24. Rh3 Rg6 25. Ree3 Nc4 26. Reg3 Kg8 27. Rxh6
b5 28. Rhxg6+ fxg6 29. Rxg6+ Kf7 30. Rg7+ Ke8 31. Rg3 a5 32. h4 Rh7 33. h5 Kf7
34. h6 b4 35. cxb4 axb4 36. Kf2 Kf8 37. Rg6 Kf7 38. Rg7+ Rxg7 39. hxg7 Na3 40.
Ke2 c4 41. Kd1 c3 42. g4 Nc4 43. Kc1 Kg8 44. Kc2 Kh7 45. g5 fxg5 46. fxg5 Kg8
47. g6 Ne5 48. Nxd6 Kxg7 49. Nb5 Kxg6 50. Nxc3 bxc3 51. Kxc3 Kf6 52. a4 Nd7 53.
Kd4 Ke7 54. e5 Nb8 55. a5 Kd7 56. Kc4 Na6 57. Kb5 Nc7+ 58. Kc5 Na6+ 59. Kb6 Nb4
60. d6 Kc8 61. e6 Kd8 62. a6 1-0

[Event "Frankfurt Ch 2010"]
[Site "Ffm-Kalbach, LAZ"]
[Date "2010.05.10"]
[Round "3.51"]
[White "Herwig-Päutz, Martin"]
[Black "Lemonidis, Christos"]
[Result "0-1"]
[WhiteElo "1418"]
[BlackElo "1762"]
[PlyCount "112"]
[EventDate "2010.??.??"]
[SourceDate "2009.03.13"]
[WhiteTeam "SC Nidderau"]
[BlackTeam "SC 1961 König Nied"]

1. e4 d6 2. Nf3 e5 3. Nc3 Nc6 4. b3 Bg4 5. Bc4 Nd4 6. Be2 Nxe2 7. Qxe2 c6 8. h3
Bd7 9. Bb2 Be7 10. O-O-O Qc7 11. d4 O-O-O 12. dxe5 dxe5 13. Rd3 f6 14. Rhd1 Nh6
15. Kb1 Nf7 16. Qe3 Kb8 17. g4 g5 18. Ne2 h5 19. Qd2 Bc8 20. gxh5 Rxh5 21. Rxd8
Nxd8 22. h4 gxh4 23. Rh1 h3 24. Ng3 Rh8 25. Ng1 Nf7 26. Nf5 Bxf5 27. exf5 Ng5
28. Qe2 Qd7 29. Bxe5+ Kc8 30. Bf4 Ba3 31. Bxg5 fxg5 32. Qe6 Qxe6 33. fxe6 g4
34. Ne2 Rf8 35. Rf1 Bc5 36. f4 gxf3 37. Ng1 Bxg1 38. Rxg1 f2 39. Rf1 h2 40. e7
Re8 41. Kb2 Rxe7 42. Rxf2 h1=Q 43. Rf8+ Kc7 44. a4 Qh6 45. Rf1 Qg7+ 46. Ka3 Qc3
47. a5 Qxa5+ 48. Kb2 Qe5+ 49. Ka3 Qc3 50. Rf4 Qa1+ 51. Kb4 Qe1+ 52. c3 Re4+ 53.
Rxe4 Qxe4+ 54. c4 Qd4 55. Ka4 b6 56. Kb4 a5+ 0-1

[Event "Frankfurt Ch 2010"]
[Site "Ffm-Kalbach, LAZ"]
[Date "2010.05.10"]
[Round "3.53"]
[White "Kümmel, Werner"]
[Black "Hillgärtner, Walter"]
[Result "0-1"]
[WhiteElo "1279"]
[BlackElo "1946"]
[PlyCount "128"]
[EventDate "2010.??.??"]
[SourceDate "2009.03.13"]
[WhiteTeam "SC Bad Soden"]
[BlackTeam "SC Bad Nauheim"]

1. d4 g6 2. c4 Bg7 3. Nc3 d6 4. e4 a6 5. Nf3 c6 6. Be2 b5 7. b4 Nf6 8. O-O O-O
9. Be3 bxc4 10. Bxc4 d5 11. exd5 cxd5 12. Be2 Bb7 13. Nd2 Nbd7 14. a4 e5 15.
Rc1 Re8 16. a5 exd4 17. Bxd4 Qe7 18. b5 axb5 19. Bxb5 Rxa5 20. Be2 Ba6 21. Bxa6
Rxa6 22. Nb5 Ra2 23. Nf3 Qb4 24. Nc7 Rf8 25. Nxd5 Nxd5 26. Bxg7 Kxg7 27. Qxd5
Qa4 28. h3 Nf6 29. Qd4 Qxd4 30. Nxd4 Nh5 31. Nf3 Nf4 32. Kh2 Nd3 33. Ra1 Rxa1
34. Rxa1 Nxf2 35. Rf1 Ne4 36. Re1 f5 37. Ra1 Rf7 38. Ne5 Re7 39. Nf3 h6 40. Re1
Kf6 41. Rf1 Rd7 42. Re1 Ra7 43. Rf1 Ra2 44. Kg1 Nd2 45. Nxd2 Rxd2 46. Rf3 g5
47. Ra3 h5 48. Ra5 Ke6 49. Ra6+ Ke5 50. Ra5+ Rd5 51. Ra1 f4 52. Re1+ Kf5 53.
Rf1 g4 54. hxg4+ hxg4 55. Kh2 Rd2 56. Kh1 Re2 57. Kh2 f3 58. Rg1 Kf4 59. Rf1
Rxg2+ 60. Kh1 Re2 61. Kg1 g3 62. Ra1 g2 63. Ra4+ Re4 64. Ra2 Re1+ 0-1

[Event "Frankfurt Ch 2010"]
[Site "Ffm-Kalbach, LAZ"]
[Date "2010.05.10"]
[Round "3.54"]
[White "Fischer, Lutz"]
[Black "Makilla, Tobias"]
[Result "0-1"]
[WhiteElo "1456"]
[BlackElo "1897"]
[PlyCount "110"]
[EventDate "2010.??.??"]
[SourceDate "2009.03.13"]
[WhiteTeam "Sfr. Frankfurt 1921"]
[BlackTeam "Sfr.1932 Kelkheim"]

1. e4 e5 2. Nf3 Nc6 3. Bb5 a6 4. Ba4 Nf6 5. O-O Be7 6. Re1 b5 7. Bb3 d5 8. exd5
Nxd5 9. Nxe5 Nxe5 10. Rxe5 c6 11. Qf3 Be6 12. Nc3 Bd6 13. Re4 O-O 14. d4 Qd7
15. Nxd5 cxd5 16. Re3 Rad8 17. Bd2 Bg4 18. Qxd5 Bxh2+ 19. Kxh2 Qxd5 20. Bxd5
Rxd5 21. c3 Be6 22. b3 Rfd8 23. Rae1 Rf5 24. f3 g6 25. g4 Rfd5 26. Re5 b4 27.
Rxd5 Rxd5 28. Kg3 Ra5 29. Ra1 Bxb3 30. cxb4 Rxa2 31. Rxa2 Bxa2 32. Kf4 f6 33.
g5 fxg5+ 34. Kxg5 Kf7 35. Kf4 h5 36. Kg5 Bb1 37. Bf4 Ke6 38. Be5 Kd5 39. Bf6
Kc4 40. Be5 Kxb4 41. d5 Kc5 42. d6 Kc6 43. Kf6 Kd7 44. Bg3 a5 45. Be5 a4 46.
Kg5 Ke6 47. f4 a3 48. Kh4 a2 49. Kg5 Bf5 50. Kh4 Kd5 51. Kg5 Ke4 52. Kh4 Kd3
53. Kg5 Kc2 54. d7 Bxd7 55. Kxg6 h4 0-1

[Event "Frankfurt Ch 2010"]
[Site "Ffm-Kalbach, LAZ"]
[Date "2010.05.10"]
[Round "3.55"]
[White "Wich, Manuela"]
[Black "Plattner, Rolf"]
[Result "0-1"]
[WhiteElo "1414"]
[BlackElo "1925"]
[PlyCount "68"]
[EventDate "2010.??.??"]
[SourceDate "2009.03.13"]
[WhiteTeam "SV 1920 Hofheim"]
[BlackTeam "SK Langen"]

1. e4 c5 2. Nc3 Nc6 3. f4 d6 4. Bb5 Bd7 5. Nf3 Nf6 6. d3 a6 7. Bxc6 Bxc6 8. O-O
e6 9. Qe1 Be7 10. Kh1 Qc7 11. Qg3 g6 12. e5 Nh5 13. Qf2 O-O-O 14. b3 Bxf3 15.
exd6 Bxg2+ 16. Qxg2 Bxd6 17. Ne2 Rhg8 18. Be3 Ng7 19. c3 Nf5 20. Bd2 Kb8 21.
Be1 Ne3 22. Qf3 Nxf1 23. Qxf1 Qc6+ 24. Kg1 f6 25. d4 e5 26. fxe5 fxe5 27. Bg3
exd4 28. cxd4 Bxg3 29. hxg3 Rgf8 30. Qh3 cxd4 31. Rc1 Qf3 32. Qh2 Qe3+ 33. Kh1
Rf2 34. Qh4 Qf3+ 0-1

[Event "Frankfurt Ch 2010"]
[Site "Ffm-Kalbach, LAZ"]
[Date "2010.05.10"]
[Round "3.56"]
[White "Frank, Dieter"]
[Black "Fischer, Ulrich"]
[Result "0-1"]
[WhiteElo "1453"]
[BlackElo "1727"]
[PlyCount "78"]
[EventDate "2010.??.??"]
[SourceDate "2009.03.13"]
[WhiteTeam "SK Eberstadt 1924"]
[BlackTeam "Frankfurter TV 1860"]

1. d4 d5 2. Nf3 c5 3. e3 Nf6 4. c3 e6 5. Bd3 Bd6 6. Nbd2 O-O 7. O-O Nc6 8. Re1
e5 9. dxe5 Nxe5 10. Nxe5 Bxe5 11. Nf3 Bc7 12. b3 Qd6 13. g3 Bg4 14. Be2 Rad8
15. Nd2 Bxe2 16. Qxe2 Ne4 17. Nxe4 dxe4 18. Bb2 Qd2 19. Kf1 Be5 20. Red1 Qxe2+
21. Kxe2 b5 22. Rab1 c4 23. b4 Rd3 24. Rxd3 exd3+ 25. Kd2 g5 26. a4 bxa4 27.
Ra1 Bc7 28. Rxa4 Bb6 29. b5 Rc8 30. Ba3 Kg7 31. Bb4 Kg6 32. h3 h5 33. Ra6 Kf5
34. f3 g4 35. hxg4+ hxg4 36. fxg4+ Ke4 37. Bd6 Bxe3+ 38. Kd1 Rh8 39. Bf4 Rh1#
0-1

[Event "Frankfurt Ch 2010"]
[Site "Ffm-Kalbach, LAZ"]
[Date "2010.05.10"]
[Round "3.57"]
[White "Honert, Stefan"]
[Black "Barisch, Florian"]
[Result "1/2-1/2"]
[WhiteElo "1271"]
[BlackElo "1932"]
[PlyCount "101"]
[EventDate "2010.??.??"]
[SourceDate "2009.03.13"]
[WhiteTeam "Sfr. Frankfurt 1921"]
[BlackTeam "SV 1934 Ffm-Griesheim"]

1. d4 d5 2. c4 e6 3. Nf3 Nf6 4. Nc3 c6 5. e3 Nbd7 6. Be2 Bd6 7. O-O O-O 8. Qc2
dxc4 9. Bxc4 e5 10. Rd1 Qc7 11. Ne4 Nxe4 12. Qxe4 Nf6 13. Qh4 e4 14. Ng5 Bf5
15. f4 h6 16. Nh3 Bg4 17. Rf1 b5 18. Bb3 Be2 19. Rf2 Bg4 20. Rf1 Bb4 21. Qf2
Bxh3 22. gxh3 Rad8 23. Bd2 Bxd2 24. Qxd2 c5 25. Rac1 c4 26. Bd1 Qd7 27. Qg2 Nd5
28. Qg3 f5 29. Kh1 Kh8 30. Rg1 Rg8 31. h4 g6 32. Rg2 Rg7 33. Be2 Rc8 34. Rcg1
Rcg8 35. Qf2 Qd6 36. Rg3 Kh7 37. Qg2 Qf6 38. h5 gxh5 39. Qh3 h4 40. R3g2 Rxg2
41. Rxg2 Rxg2 42. Kxg2 Kg7 43. Kf2 Kf7 44. Qf1 Ke7 45. Qd1 Qg7 46. Qc2 h3 47.
Bf1 Qg4 48. Qe2 Qh4+ 49. Kg1 Qg4+ 50. Kf2 Qh4+ 51. Kg1 1/2-1/2

[Event "Frankfurt Ch 2010"]
[Site "Ffm-Kalbach, LAZ"]
[Date "2010.05.10"]
[Round "3.58"]
[White "Jung, Richard"]
[Black "Rolf, Marco"]
[Result "0-1"]
[WhiteElo "1248"]
[BlackElo "1479"]
[PlyCount "52"]
[EventDate "2010.??.??"]
[SourceDate "2009.03.13"]
[WhiteTeam "SC Bergen-Enkheim 1922"]
[BlackTeam "SK Bad Homburg 1927"]

1. d4 Nf6 2. c4 e5 3. dxe5 Ng4 4. Nf3 Nc6 5. e3 Ngxe5 6. Nxe5 Nxe5 7. f4 Nc6 8.
Be2 Bb4+ 9. Kf2 Qf6 10. Rf1 O-O 11. Nd2 Re8 12. Nf3 Bc5 13. Rb1 Qxf4 14. Qb3
Ne5 15. h3 Nxf3 16. Bxf3 d6 17. Ke2 Qe5 18. Bd2 c6 19. Rbd1 Be6 20. Bc1 b5 21.
Bd5 cxd5 22. cxd5 Bd7 23. Qd3 b4 24. Rf4 Bb5 25. Qxb5 Bxe3 26. Rff1 Bxc1+ 0-1

[Event "Frankfurt Ch 2010"]
[Site "Ffm-Kalbach, LAZ"]
[Date "2010.05.10"]
[Round "3.59"]
[White "Milde, Dieter"]
[Black "Wöhl, Torsten"]
[Result "1/2-1/2"]
[WhiteElo "1611"]
[BlackElo "1216"]
[PlyCount "54"]
[EventDate "2010.??.??"]
[SourceDate "2009.03.13"]
[WhiteTeam "Bad Vilbeler Sfr.1985"]
[BlackTeam "SC Groß-Zimmern"]

1. d4 d5 2. Nf3 Bg4 3. Ne5 Be6 4. e3 a6 5. Bd3 Nf6 6. Nd2 Nbd7 7. f4 Nxe5 8.
fxe5 Bg4 9. Be2 Bxe2 10. Qxe2 Ne4 11. Qf3 Ng5 12. Qf4 e6 13. h4 Ne4 14. Nxe4
dxe4 15. Qxe4 Qd5 16. Qxd5 exd5 17. Rf1 Be7 18. g3 Rf8 19. Bd2 O-O-O 20. O-O-O
f6 21. exf6 Rxf6 22. Rxf6 Bxf6 23. Rf1 Re8 24. Rf3 Kd7 25. Kd1 b6 26. b4 b5 27.
c3 c6 1/2-1/2

[Event "Frankfurt Ch 2010"]
[Site "Ffm-Kalbach, LAZ"]
[Date "2010.05.10"]
[Round "3.60"]
[White "Lehmann, Gerit"]
[Black "Paulicks, Frank"]
[Result "1-0"]
[WhiteElo "1486"]
[BlackElo "1088"]
[PlyCount "49"]
[EventDate "2010.??.??"]
[SourceDate "2009.03.13"]
[WhiteTeam "SC 1924 Lampertheim"]
[BlackTeam "Sfr.1891 Friedberg"]

1. d4 c5 2. c3 e6 3. Nf3 d5 4. Bf4 Nc6 5. e3 Nf6 6. h3 Qb6 7. b3 cxd4 8. exd4
Be7 9. Be2 O-O 10. O-O h6 11. Ne5 Nxe5 12. Bxe5 Bd7 13. Nd2 Rac8 14. Rc1 Qa5
15. Qc2 Rc6 16. c4 Bb4 17. Bf4 Rfc8 18. Nf3 dxc4 19. bxc4 Nh5 20. Ne5 R6c7 21.
Bxh5 Ba4 22. Qe2 f6 23. Nd3 Ba3 24. Bxc7 Bxc1 25. Bxa5 1-0

[Event "Frankfurt Ch 2010"]
[Site "Ffm-Kalbach, LAZ"]
[Date "2010.05.10"]
[Round "3.61"]
[White "Budde, Michael"]
[Black "Leßmann, Sven"]
[Result "1-0"]
[WhiteElo "1688"]
[BlackElo "1265"]
[PlyCount "55"]
[EventDate "2010.??.??"]
[SourceDate "2009.03.13"]
[WhiteTeam "SC 1979 Hattersheim"]
[BlackTeam "SC Bad Soden"]

1. d4 d5 2. c4 e6 3. Nf3 Nf6 4. Bg5 Be7 5. e3 Ne4 6. Bf4 O-O 7. Nbd2 c5 8. Bd3
Qa5 9. O-O f5 10. a3 Nc6 11. cxd5 exd5 12. dxc5 Qxc5 13. Rc1 Qb6 14. b4 Bf6 15.
b5 Ne7 16. Bc7 Qe6 17. Nd4 Bxd4 18. exd4 Bd7 19. Re1 Qh6 20. f3 Nxd2 21. Rxe7
Nxf3+ 22. Kh1 Nxh2 23. Bxh2 Bc8 24. Rcc7 Rf6 25. Rxg7+ Kh8 26. Rxh7+ Qxh7 27.
Rxh7+ Kxh7 28. Qh5+ 1-0

[Event "Frankfurt Ch 2010"]
[Site "Ffm-Kalbach, LAZ"]
[Date "2010.05.10"]
[Round "3.62"]
[White "Velkina, Elina"]
[Black "Bittner, Peter"]
[Result "1/2-1/2"]
[WhiteElo "1219"]
[BlackElo "1967"]
[PlyCount "141"]
[EventDate "2010.??.??"]
[SourceDate "2009.03.13"]
[WhiteTeam "SK 1858 Gießen"]
[BlackTeam "SC Brett vor'm Kopp Ffm"]

1. e4 c5 2. Nf3 Nc6 3. d4 cxd4 4. Nxd4 e5 5. Nf5 d6 6. Nc3 g6 7. Ne3 Nf6 8.
Ned5 h6 9. Be3 Bg7 10. Bc4 O-O 11. O-O Nxd5 12. Nxd5 Be6 13. Qd2 Kh7 14. Rad1
Re8 15. f4 exf4 16. Bxf4 Ne5 17. Bb3 Rf8 18. Ne3 Bxb3 19. axb3 Qb6 20. Qxd6
Qxd6 21. Rxd6 Nc6 22. Ng4 h5 23. Nf6+ Bxf6 24. Rxf6 Rae8 25. Bd6 Rg8 26. Rxf7+
Rg7 27. R1f4 Nd4 28. Kf2 Nxc2 29. e5 a5 30. Bc7 Nb4 31. Kf3 Nd5 32. Rxg7+ Kxg7
33. Rc4 b6 34. Ke4 Nf6+ 35. Kd4 Nd7 36. Kd5 Nc5 37. Bxb6 Nxb3 38. Rc7+ Kg8 39.
e6 Nd2 40. e7 Kf7 41. Bc5 Nf1 42. Rd7 Nxh2 43. Rd8 Ng4 44. Kc6 Nf6 45. Rxe8
Kxe8 46. Kb5 Ne4 47. Ba3 g5 48. Kxa5 Nf6 49. b4 h4 50. b5 g4 51. b6 Nd7 52. b7
h3 53. gxh3 gxh3 54. b8=Q+ Nxb8 55. Bd6 Nc6+ 56. Kb5 Nxe7 57. Bh2 Kf7 58. Kc4
Kg6 59. Kd3 Kg5 60. Ke3 Kg4 61. Kf2 Nd5 62. Bg3 Nc3 63. Bh2 Nb1 64. Bg3 Nd2 65.
Bh2 Nf3 66. Bg1 Kf4 67. Kf1 Kg3 68. Bf2+ Kh2 69. Be3 Nh4 70. Bf4+ Kh1 71. Kf2
1/2-1/2

[Event "Frankfurt Ch 2010"]
[Site "Ffm-Kalbach, LAZ"]
[Date "2010.05.10"]
[Round "3.63"]
[White "Diener, Carolin"]
[Black "Witt, Holger"]
[Result "0-1"]
[WhiteElo "1197"]
[BlackElo "1590"]
[PlyCount "154"]
[EventDate "2010.??.??"]
[SourceDate "2009.03.13"]
[WhiteTeam "TuS Makkabi Ffm"]
[BlackTeam "SC 1934 Viernheim"]

1. e4 c5 2. Nc3 g6 3. f4 Bg7 4. Nf3 e6 5. Bc4 Ne7 6. O-O O-O 7. d3 a6 8. a4
Nbc6 9. Qe1 Nd4 10. Nxd4 Bxd4+ 11. Be3 Nc6 12. Bxd4 Nxd4 13. Rc1 Re8 14. Qg3 d6
15. Rf2 Rb8 16. Ne2 Nxe2+ 17. Rxe2 b5 18. axb5 axb5 19. Bb3 Qb6 20. Kh1 Ra8 21.
c3 Bd7 22. Ree1 Ra7 23. h3 Rea8 24. Rf1 b4 25. cxb4 Qxb4 26. Rc3 Ra1 27. Qf2
Rxf1+ 28. Qxf1 Ra5 29. Qc1 Qb6 30. Qc2 Ra1+ 31. Kh2 Bb5 32. Bc4 Bxc4 33. Rxc4
Ra2 34. d4 Rxb2 35. Qc3 Rb3 36. Qd2 Qb7 37. dxc5 dxc5 38. Qd8+ Kg7 39. Qa5 Rb5
40. Qc3+ Kg8 41. Rxc5 Rxc5 42. Qxc5 Qxe4 43. Qc8+ Kg7 44. Qc3+ Kh6 45. Qe5 Qxe5
46. fxe5 Kg5 47. Kg3 Kf5 48. Kh4 h6 49. Kg3 Kxe5 50. Kf3 Kd4 51. Ke2 h5 52. h4
e5 53. Kd2 e4 54. Ke2 e3 55. g3 Ke4 56. Ke1 Kf3 57. Kf1 Kxg3 58. Ke2 Kf4 59.
Ke1 Kf3 60. Kf1 f5 61. Ke1 f4 62. Kf1 e2+ 63. Ke1 Kg2 64. Kxe2 f3+ 65. Ke3 f2
66. Kf4 f1=Q+ 67. Kg5 Qf5+ 68. Kh6 Kh3 69. Kh7 Kxh4 70. Kh6 g5 71. Kg7 g4 72.
Kh6 g3 73. Kg7 g2 74. Kh6 Qf4+ 75. Kh7 g1=R 76. Kh8 Qf8+ 77. Kh7 Qg7# 0-1

[Event "Frankfurt Ch 2010"]
[Site "Ffm-Kalbach, LAZ"]
[Date "2010.05.10"]
[Round "3.64"]
[White "Ahlheim, Marcus"]
[Black "Gläser, Michael"]
[Result "1-0"]
[WhiteElo "1548"]
[BlackElo "1165"]
[PlyCount "39"]
[EventDate "2010.??.??"]
[SourceDate "2009.03.13"]
[WhiteTeam "Sfr.1891 Friedberg"]
[BlackTeam "TSG Nieder-Erlenbach 1888"]

1. d4 d5 2. e3 Nf6 3. Bd3 e6 4. Nd2 Nc6 5. f4 Be7 6. c3 Bd7 7. Ngf3 Ng4 8. e4
Ne3 9. Qe2 Ng4 10. O-O Bh4 11. exd5 Nb8 12. dxe6 Bxe6 13. f5 O-O 14. fxe6 fxe6
15. Qxe6+ Kh8 16. Qxg4 Bf6 17. Qh5 h6 18. Qg6 Kg8 19. Ne5 Bxe5 20. Qh7# 1-0

[Event "Frankfurt Ch 2010"]
[Site "Ffm-Kalbach, LAZ"]
[Date "2010.05.10"]
[Round "3.65"]
[White "Popp, Matthias"]
[Black "Liebert, Monika"]
[Result "1-0"]
[WhiteElo "1525"]
[BlackElo "1069"]
[PlyCount "125"]
[EventDate "2010.??.??"]
[SourceDate "2009.03.13"]
[WhiteTeam "SC Bergen-Enkheim 1922"]
[BlackTeam "SV Schachf.Darmstadt 1994"]

1. d4 d5 2. Nf3 Nc6 3. Bf4 Nf6 4. e3 Bf5 5. Nbd2 Ne4 6. c3 a6 7. Ne5 Nxe5 8.
Bxe5 f6 9. Bf4 g5 10. Nxe4 Bxe4 11. Bg3 Bg7 12. Qa4+ b5 13. Qa5 c6 14. Qb4 O-O
15. f3 Bg6 16. h4 h6 17. O-O-O e5 18. e4 exd4 19. Qxd4 dxe4 20. fxe4 Qxd4 21.
Rxd4 c5 22. Rd5 c4 23. e5 Be4 24. Rd4 Bc6 25. exf6 Bxf6 26. Rd6 Rac8 27. h5 Kg7
28. Rg1 Rfe8 29. Bf2 Be5 30. Rg6+ Kh7 31. g3 Rf8 32. Bh3 Rc7 33. Bb6 Be4 34.
Bxc7 Bxg6 35. hxg6+ Kxg6 36. Bxe5 Rf2 37. Bd4 Rh2 38. Bd7 h5 39. Rf1 h4 40.
gxh4 Rxh4 41. Bf5+ Kh5 42. Kd2 Rh2+ 43. Rf2 Rh1 44. Be5 g4 45. Rh2+ Rxh2+ 46.
Bxh2 Kh4 47. Ke2 g3 48. Bg1 Kg5 49. Bd7 Kf4 50. Bc6 Kg4 51. Kf1 Kh3 52. a3 Kg4
53. Kg2 Kf4 54. Bb6 Kg4 55. Bb7 Kf4 56. Bxa6 Ke4 57. Bxb5 Kd3 58. a4 Kc2 59. a5
Kxb2 60. Bd4 Kb3 61. a6 Kc2 62. a7 Kd3 63. a8=Q 1-0

[Event "Frankfurt Ch 2010"]
[Site "Ffm-Kalbach, LAZ"]
[Date "2010.05.10"]
[Round "3.66"]
[White "Mongi, Mario"]
[Black "Urbach, Jens"]
[Result "0-1"]
[WhiteElo "1500"]
[BlackElo "927"]
[PlyCount "80"]
[EventDate "2010.??.??"]
[SourceDate "2009.03.13"]
[WhiteTeam "Sfr. Frankfurt 1921"]
[BlackTeam "SC 1934 Gelnhausen"]

1. c4 e5 2. g3 Nf6 3. Bg2 Bc5 4. Nc3 c6 5. e3 O-O 6. Nge2 d5 7. b3 d4 8. O-O
dxc3 9. Nxc3 Bf5 10. Na4 Be7 11. f3 b5 12. cxb5 cxb5 13. e4 Be6 14. Nb2 Nc6 15.
Rf2 Bc5 16. Qe1 Bxf2+ 17. Qxf2 Qd4 18. Bf1 Qxf2+ 19. Kxf2 a6 20. Nd3 Rad8 21.
Ba3 b4 22. Bb2 a5 23. Ke3 Nd4 24. Rc1 g5 25. Nxe5 g4 26. Bxd4 gxf3 27. Nxf3
Ng4+ 28. Ke2 Rfe8 29. h3 Nh2 30. Nxh2 Rxd4 31. d3 Red8 32. Rd1 f5 33. Nf3 R4d6
34. e5 Rc6 35. Rd2 h6 36. d4 Rc3 37. Bg2 Bd7 38. d5 Bb5+ 39. Kd1 Rdc8 40. Nd4
Rc1# 0-1